Catalog

Record Details

Catalog Search



Available copies

  • 4 of 5 copies available at LARL/NWRL Consortium. (Show)
  • 4 of 4 copies available at Northwest Regional Library.

Current holds

0 current holds with 5 total copies.

Show Only Available Copies
Location Call Number / Copy Notes Barcode Shelving Location Status Due Date
Godel Memorial-Warren Library j GRI (Text) 35500005057334 Main Available -
Red Lake Falls Public Library j GRI (Text) 35500005065311 Main Available -
Roseau Public Library j GRI (Text) 35500005057326 Main Available -
Thief River Falls Public Library j GRI (Text) 35500005057631 Main Available -

Record details

  • ISBN: 9780525425762 (hbk.)
  • ISBN: 0525425764 (hbk.)
  • ISBN: 9780142426135 (Puffin pbk.)
  • Physical Description: 271, 6 p. ; 22 cm.
  • Edition: 1st ed.
  • Publisher: New York : Dutton Children's Books, 2012.

Content descriptions

General Note:
Also includes chapter 1 of the first Theodore Boone novel.
Summary, etc.:
Thirteen-year-old aspiring lawyer Theodore Boone ... Read More
Subject: Lawyers > Fiction.
Courts > Fiction.
Stealing > Fiction.
Boone, Theodore (Fictitious character) > Fiction.
Robbery > Fiction.
Malicious accusation > Fiction.
Detective and mystery stories.
Legal stories.
Courts > Fiction.
LDR 02606cam a2200529 a 4500
001141899
003LARL_NWRL_CONSORTIUM
00520160217205115.0
008120507s2012 nyu c 000 1 eng
020 . ‡a9780525425762 (hbk.)
020 . ‡a0525425764 (hbk.)
020 . ‡a9780142426135 (Puffin pbk.)
035 . ‡a(OCoLC)731911837
08200. ‡a[Fic] ‡223
1001 . ‡aGrisham, John. ‡0(LARL_NWRL_CONSORTIUM)97617
24500. ‡aTheodore Boone ‡n#3 : ‡bthe accused / ‡cJohn Grisham.
2463 . ‡aAccused
250 . ‡a1st ed.
260 . ‡aNew York : ‡bDutton Children's Books, ‡c2012.
300 . ‡a271, 6 p. ; ‡c22 cm.
4900 . ‡aTheodore Boone ; ‡v[3]
520 . ‡aThirteen-year-old aspiring lawyer Theodore Boone is falsely accused in a robbery and must fight to clear his name.
500 . ‡aAlso includes chapter 1 of the first Theodore Boone novel.
650 1. ‡aLawyers ‡vFiction.
650 1. ‡aCourts ‡vFiction.
650 1. ‡aStealing ‡vFiction.
650 0. ‡aBoone, Theodore (Fictitious character) ‡vFiction.
650 0. ‡aRobbery ‡vFiction. ‡0(LARL_NWRL_CONSORTIUM)174703
650 0. ‡aMalicious accusation ‡vFiction.
650 0. ‡aDetective and mystery stories. ‡0(LARL_NWRL_CONSORTIUM)18458
650 0. ‡aLegal stories. ‡0(LARL_NWRL_CONSORTIUM)24406
650 0. ‡aCourts ‡vFiction.
901 . ‡a141899 ‡bOCLC ‡c141899 ‡tbiblio

Additional Resources